Pays les plus devinés par drapeaux sur JetPunk - Statistiques

Statistiques générales
  • Ce quiz a été pris 75 fois
  • Le résultat moyen est 18 sur 23
Statistiques - réponses
% Pays % Correct
96 France
99%
86 Espagne
97%
87 Chine
96%
97 Etats-Unis
94%
96 Canada
93%
90 Russie
93%
91 Brésil
92%
96 Royaume-Uni
92%
92 Japon
90%
95 Italie
89%
84 Allemagne
88%
85 Algérie
79%
92 Australie
78%
87 Belgique
78%
87 Suisse
74%
90 Corée du sud
64%
85 Pays-Bas
63%
87 Suède
60%
84 Turquie
58%
88 Irlande
56%
82 Norvège
56%
86 Grèce
50%
82 Nouvelle-Zélande
47%
Aucun quiz correspondant
Distribution des résultats
% des personnes avec chaque résultat
Percentile par nombre de réponses
Votre historique - résultats
Vous n’avez pas pris ce quiz